000 00677nam0a22002411 4500
001 RU\NLR\A1SV\138050
005 20251203171251.9
035 _a(NLR Aleph) 010712337
090 _a9778434
_c9778434
100 _a20150331d1918 u y0rusy50 ca
101 0 _arus
102 _aRU
200 1 _aЧума и меры борьбы с ней
_fКульт.-просвет. отд. при С. р. и с. д. Гигиен. секция
210 _aКазань
_d1918
215 _a12 с.
_cил.
_d16 см
620 _dКазань
801 0 _aRU
_bNLR
_c20150331
852 _aNLR
_j37.76.8.735
899 _aРГБ
942 _cBOOK
980 _aNB
980 _aA1SV